Statistics for Etymologies of countries (picture quiz)

Click here to take the quiz!

General Stats

  • This quiz has been taken 1,115 times
    (1,096 since last reset)
  • The average score is 9 of 15

Answer Stats

Answer% Correct
Iceland
93%
Ecuador or Equatorial Guinea
91%
Colombia
86%
Ivory Coast
80%
Argentina
77%
Japan
67%
Liberia
65%
Sierra Leone or Singapore
59%
Bolivia
58%
Venezuela
53%
Romania
42%
Philippines
31%
Solomon Islands
22%
São Tomé and Príncipe
18%
Trinidad and Tobago
10%

Score Distribution

Percentile by Number Answered

Percent of People with Each Score

Your Score History

You have not taken this quiz since the last reset